000
00328nam a2200145Ia 4500
008
230718s9999 xx 000 0 und d
041
_a
Eng.
082
_a
823
_b
DIC-G
100
_a
Dickens. Chables
245
0
_a
Great expectations
260
_a
Pakistan
_b
Michael Grac
_c
1812
300
_a
442
650
_a
Law
999
_c
26160
_d
26160